000
00341nam a2200157Ia 4500
100
_a
Mithal/Gyandendra K
250
_a
12
942
_c
BK
654
_a
electronics
245
_a
Industrial electronics
260
_b
Khanna publications
_a
New Delhi
_c
1989
082
_a
621.381
_b
MIT
300
_a
700
546
_a
ENGLISH
999
_c
34448
_d
34448